Štúdium starnutia plazmou aktivovaných polymérnych materiálov bakalárska práca

Saved in:
Bibliographic Details
Main Author: Šafár, Peter
Format: Book
Language:Slovak
Published: Bratislava STU FCHPT 2016
Online Access:View in OPAC
Tags: Add Tag
No Tags, Be the first to tag this record!

MARC

LEADER 00000nam a2200000 a 4500
005 20260127134310.0
008 161017 2016 000 0 slo d
035 |a vtls011586763 
039 9 |y 201610171352  |z mschk03 
040 |a STUSCHK1  |b slo  |c STUSCHK1  |e AACR2 
100 1 |a Šafár, Peter 
245 1 |a Štúdium starnutia plazmou aktivovaných polymérnych materiálov  |b bakalárska práca  |c 2016 
260 |a Bratislava  |b STU FCHPT  |c 2016 
300 |a 57 s.  |b il.  |c 25 cm 
500 |a Študijný program: chémia, medicínska chémia a chemické materiály 
500 |a Študijný odbor: chémia, medicínska chémia a chemické materiály 
500 |a Školiace pracovisko: Odd. plastov, kaučuku a vlákien 
500 |a Evid. číslo: FCHPT-13569-61291 
910 |a SCHK95 
999 |c 9148  |d 9148